Los criminales de guerra según los teólogos-juristas españoles (Record no. 56779)
[ view plain ]
| 000 -LEADER | |
|---|---|
| campo de control de longitud fija | 00632nam a2200157 i 4500 |
| 001 - NÚMERO DE CONTROL | |
| campo de control | 56779 |
| 003 - IDENTIFICADOR DE NÚMERO DE CONTROL | |
| campo de control | ES-MaACL |
| 005 - FECHA Y HORA DE LA ÚLTIMA TRANSACCIÓN | |
| campo de control | 20230906163437.0 |
| 007 - CAMPO FIJO DE DESCRIPCIÓN FÍSICA--INFORMACIÓN GENERAL | |
| campo de control de longitud fija | t| |
| 008 - DATOS DE LONGITUD FIJA--INFORMACIÓN GENERAL | |
| campo de control de longitud fija | 031013s1946 sp ||||1| spa d |
| 100 1# - ENTRADA PRINCIPAL--NOMBRE DE PERSONA | |
| Nombre de persona | Diego Carro, Venancio. |
| 9 (RLIN) | 44556 |
| 245 14 - MENCIÓN DEL TÍTULO | |
| Título | Los criminales de guerra según los teólogos-juristas españoles |
| Resto del título | : conferencia pronunciada el día 23 de marzo de 1946 en la Asociación y Academia de Santo Tomás de Aquino de Valladolid / |
| Mención de responsabilidad, etc. | Venancio Diego Carro. |
| 260 ## - PUBLICACIÓN, DISTRIBUCIÓN, ETC. | |
| Lugar de publicación, distribución, etc. | Valladolid : |
| Nombre del editor, distribuidor, etc. | [s.n., |
| Fecha de publicación, distribución, etc. | 1946] ( |
| Fabricante | Imp. Provincial) |
| 300 ## - DESCRIPCIÓN FÍSICA | |
| Extensión | 34 p. : |
| Otras características físicas | 1 retr. aut. ; |
| Dimensiones | 21 cm. |
| 852 ## - LOCALIZACIÓN | |
| Ubicación | ES-MaACL |
| Número de control de estantería | 1860-F-18 |
| Sublocalización o colección | R.23459 |
| Estatus retirado | Estado de pérdida | Estado de daño | No para préstamo | Colección | Biblioteca de origen | Biblioteca actual | Ubicación en estantería | Fecha de adquisición | Fuente de adquisición | Total de préstamos | Signatura topográfica completa | Código de barras | Visto por última vez | Precio de reemplazo | Tipo de ítem Koha |
|---|---|---|---|---|---|---|---|---|---|---|---|---|---|---|---|
| Colección de folletos | Biblioteca del Ateneo de Madrid | Biblioteca del Ateneo de Madrid | Depósito folletos | 17/01/2008 | 1860-F-18 | 1059621 | 23/02/2023 | 23/02/2023 | Folleto |
